00767nam a22002057a 450000500170000001000130001702000110003003500130004103700240005408200110007824500440008926000640013327000680019730000240026550000340028971000270032394200250035099900170037595201690039220120827104735.0 aB-464217 c150.00 aB-464217 adplbAllied Pub/Ven a912.54 aNational School Atlas/cedited by P.Nag aKolkatabNational atlas thematic mapping organisationc2010 aC.G.O.Complex (7th floor) DF Block BidhannagarbKolkatae700064 axxiv p.c23cm (pbk) ait includes maps, appendixes. aeditor by P.Nag951514 2ddccENmNATh912.54 c69319d69319 001540708NFICaLbLd2012-08-29eAllied Pub/CR/0002098/22.02.2012/SP/30/24.01.2012/29.2.2012g150.00l0o912.54 NATpB-464217r2012-08-29 00:00:00t1v150.00yEN